Makers of Indian Literature: (Record no. 212486)
[ view plain ]
| 000 -LEADER | |
|---|---|
| fixed length control field | 00625nam a22002057a 4500 |
| 005 - DATE AND TIME OF LATEST TRANSACTION | |
| control field | 20250723120512.0 |
| 010 ## - LCCN (DPL NO) | |
| LC control number | ENG-146094 |
| 020 ## - INTERNATIONAL STANDARD BOOK NUMBER | |
| International Standard Book Number | 978936183572 |
| Terms of availability | 100.00 |
| 035 ## - SYSTEM CONTROL NUMBER | |
| System control number | EN-129626 |
| 037 ## - SOURCE OF ACQUISITION | |
| Source of stock number/acquisition | DBAD |
| 082 ## - DEWEY DECIMAL CLASSIFICATION NUMBER | |
| Edition number | 1 |
| Classification number | 891 |
| 100 ## - MAIN ENTRY--PERSONAL NAME | |
| Personal name | Asudani, Vinod |
| 245 ## - TITLE STATEMENT | |
| Title | Makers of Indian Literature: |
| Remainder of title | Arjan Hasid/ |
| Statement of responsibility, etc | Vinod Asudani [and] Kishor Lalwani |
| 250 ## - EDITION STATEMENT | |
| Edition statement | 1 |
| 260 ## - PUBLICATION, DISTRIBUTION, ETC. (IMPRINT) | |
| Place of publication, distribution, etc | New Delhi |
| Name of publisher, distributor, etc | Sahitya Akademi |
| Date of publication, distribution, etc | 2025 |
| 270 ## - ADDRESS | |
| Address | Rabindra Bhavan, 35, Ferozshah Road |
| City | New Delhi |
| Postal code | 110001 |
| 300 ## - PHYSICAL DESCRIPTION | |
| Extent | 67p. |
| Dimensions | 22cm(pb) |
| 700 ## - ADDED ENTRY--PERSONAL NAME | |
| Personal name | Lalwani, Kishor |
| Relator term | Author |
| 9 (RLIN) | 83173 |
| 942 ## - ADDED ENTRY ELEMENTS (KOHA) | |
| Source of classification or shelving scheme | Dewey Decimal Classification |
| Item type | English Books |
| Call number suffix | ASU |
| Classification part | 891 |
| Withdrawn status | Lost status | Not for loan | Collection code | Home library | Current library | Date acquired | Source of acquisition | Cost, normal purchase price | Full call number | Barcode | Copy number | Cost, replacement price | Koha item type |
|---|---|---|---|---|---|---|---|---|---|---|---|---|---|
| Not For Loan | Non-fiction | D.B.Act.Division | D.B.Act.Division | 23/07/2025 | Delivery of Books Act Division | 100.00 | ASU 891 | EN-129626 | 1 | 100.00 | English Books |
